000
00358nam a2200181Ia 4500
100
_a
Forouzan/Behrouz A
650
_a
TCP/IP
250
_a
3
942
_c
BK
366
_f
25
654
_a
TCP/IP
245
_a
TCP/IP Protocol suite
260
_b
Tata McGraw Hill
_c
2006
082
_a
4.62
_b
FOR
300
_a
861
546
_a
ENGLISH
999
_c
29426
_d
29426